1230 1824 1486 1440 2000 1302 1519 1931 1906 1435 1464 1988 1788 1022 1790 1173 1998 1867 1334 1623 1986 1525 1217 1834 1722 1751 1543 1387 1226 1545 1670 1035 1717 1152 1209 1385 1702 1700 1365 1040 1803 1272 1530 1677 1069 1772 1941 1407 1709 1708 1335 1113 1002 1956 1347 1454 1788 1496 1386 1073 1394 1195 1652 1992 1162 1279 1793 1535 1206 1162 1486 1704 1343 1591 1372 1185 1509 1101 1983 1521 1793 1643 1193 1379 1668 1954 1157 1428 1856 1230 1683 1994 1796 1353 1187 1924 1675 1565 1745 BCNSPRNW ULIB Ver.6.0+V

เปลี่ยนเป็นภาษาไทย

Change to English
 แสดงรายละเอียดบรรณานุกรม
  กลับหน้าหลัก

Brief Record : Get Marc (ISO 2709) : E-mail record : QR code < ปิดหน้าต่าง
LEADER : 00000nam 2200000uu 4500
001    13399129195
003     ULIB
008    260511s2568||||th 000 0 tha d
020    ^a9786166235555
060  4 ^aWY157^bบ668ส
100 0  ^aบุศรา แสงสว่าง
245 1  ^aสตรีที่มีภาวะเสี่ยงในระยะตั้งครรภ์ : การพยาบาลในระยะตั้งครรภ์ ระยะคลอด และระยะหลังคลอด =^bHigh-risk women in pregnancy : nursing care during pregnancy, delivery and postpartum period /^cบุศรา แสงสว่าง
246 3  ^aการพยาบาลในระยะตั้งครรภ์ ระยะคลอด และระยะหลังคลอด
246 3  ^aHigh-risk women in pregnancy : nursing care during pregnancy, delivery and postpartum period
246 3  ^aHigh-risk women in pregnancy :^bnursing care during pregnancy, delivery and postpartum period.
250    ^aพิมพ์ครั้งที่ 1.
260    ^aกรุงเทพฯ :^bจุฬาลงกรณ์มหาวิทยาลัย,^c2568
300    ^a220 หน้า
505 2  ^aบทนำ ภาวะเสี่ยงในระยะตั้งครรภ์และการประเมิน -- บทที่ 1 การพยาบาลสตรีที่มีการตั้งครรภ์วัยรุ่น -- บทที่ 2 การพยาบาลสตรีที่มีการตั้งครรภ์อายุมาก -- บทที่ 3 การพยาบาลสตรีที่มีการตั้งครรภ์ไม่พึงประสงค์ -- บทที่ 4 การพยาบาลสตรีที่ถูกกระทำความรุนแรงในขณะตั้งครรภ์ -- บทที่ 5 การพยาบาลสตรีที่มีการใช้สารเสพติดในขณะตั้งครรภ์ -- บทที่ 6 การพยาบาลสตรีที่มีภาวะทารกตายในครรภ์ -- บทที่ 7 การพยาบาลสตรีที่มีภาวะทารกในครรภ์มีความผิดปกติ.
610    ^aaการพยาบาลมารดาทารกและการผดุงครรภ์.
650  4 ^aการตั้งครรภ์
650  4 ^aการตั้งครรภ์^xภาวะแทรกซ้อน
650  4 ^aการผดุงครรภ์.
650  4 ^aการพยาบาลสูติศาสตร์.
650  4 ^aเขตพัฒนาพิเศษภาคตะวันออก (อีอีซี).
650  4 ^aครรภ์^xการพยาบาล
650  4 ^aพยาบาลผดุงครรภ์.
650  4 ^aภาวะแทรกซ้อนขณะตั้งครรภ์
650  4 ^aสตรีมีครรภ์
650  4 ^aสตรีมีครรภ์^xการพยาบาล
650  4 ^aอุตสาหกรรมการแพทย์ครบวงจร.
653    ^aSDG3.
653    ^aSDGs.
654    ^aNursing
654    ^aการพยาบาลมารดาทารกและการผดุงครรภ์
655  4 ^aHealth Sciences Branch.
695    ^aHealth Sciences.
999    ^aประนอม เกษจรัล
รายการนี้ยังไม่มีแท็ก
คุณยังไม่ได้ล็อกอิน คุณสามารถมีกิจกรรมร่วมกับเว็บไซต์ได้ แต่ต้องล็อกอินก่อน ::
  ล็อกอิน

รายการสื่อสารสนเทศ

ลำดับที่ ประเภท เลขเรียก/บาร์โค้ด สถานที่ สถานะ
1. Book การพยาบาล
หนังสือสำรอง
สถานะ=หนังสือสำรอง
WY157 บ668ส ฉ.1 
  Barcode: 012101
ห้องสมุดวิทยาเขตสวรรค์ประชารักษ์
►หนังสือทั่วไป
บนชั้น

รายการใกล้เคียง
    หัวเรื่อง [การตั้งครรภ์]
    หัวเรื่อง [การผดุงครรภ์.]
    หัวเรื่อง [การพยาบาลสูติศาสตร์.]
    หัวเรื่อง [เขตพัฒนาพิเศษภาคตะวันออก (อีอีซี).]
    หัวเรื่อง [ครรภ์ การพยาบาล]
    หัวเรื่อง [ภาวะแทรกซ้อนขณะตั้งครรภ์]
    หัวเรื่อง [สตรีมีครรภ์]
    หัวเรื่อง [สตรีมีครรภ์ การพยาบาล]
    หัวเรื่อง [อุตสาหกรรมการแพทย์ครบวงจร.]

BibComment


ยังไม่เคยถูกคอมเมนท์

คอมเมนท์ทรัพยากรรายการนี้
  คอมเมนท์: สตรีที่มีภาวะเสี..


 Copyright 2026. Bcnsprnw @Library